<?xml version="1.0" encoding="UTF-8"?>
<marc:record xmlns:marc="http://www.loc.gov/MARC21/slim">
   <marc:leader>00000nam a2200000 a 4500</marc:leader>
   <marc:datafield ind1="1" ind2=" " tag="100">
      <marc:subfield code="a">Tallian, Claudia</marc:subfield>
      <marc:subfield code="4">aut</marc:subfield>
      <marc:subfield code="e">Verfasser/-in</marc:subfield>
   </marc:datafield>
   <marc:datafield ind1="0" ind2="0" tag="245">
      <marc:subfield code="a">Weihnachtlich verliebt in den schottischen Highlands</marc:subfield>
   </marc:datafield>
   <marc:datafield ind1="0" ind2="0" tag="245">
      <marc:subfield code="b">Bd. 1</marc:subfield>
   </marc:datafield>
   <marc:datafield ind1="0" ind2="0" tag="245">
      <marc:subfield code="c">Claudia Tallian</marc:subfield>
   </marc:datafield>
   <marc:datafield ind1=" " ind2="1" tag="264">
      <marc:subfield code="a">Lofer</marc:subfield>
      <marc:subfield code="b">Empire Verlag</marc:subfield>
      <marc:subfield code="c">2024</marc:subfield>
   </marc:datafield>
   <marc:datafield ind1="1" ind2=" " tag="490">
      <marc:subfield code="a">Verliebt in Schottland</marc:subfield>
   </marc:datafield>
   <marc:datafield ind1="1" ind2=" " tag="520">
      <marc:subfield code="a">Kann ein Tag noch schlimmer werden? Erst müht Lindsay sich eine geschlagene halbe Stunde vergeblich ab, eine einzelne Schraube zu lösen, dann sagt der einzige Auftraggeber der Woche ab und jetzt wird sie auch noch von diesem Kerl beleidigt, weil er sie in einem ungünstigen Moment erwischt hat &#x96; fluchend und mit Öl verschmiert, inmitten eines Berges aus Schrauben, Muttern und Werkzeugen. Jeden Morgen öffnet Lindsay die Tore zur Werkstatt ihres geliebten Großvaters, die sie seit dessen Tod allein betreibt und leitet. Die Auftragslage ist schlecht, die Geräte geben eins nach dem anderen den Geist auf und die Geldsorgen wachsen ihr über den Kopf &#x96; genauso wie die Planung der diesjährigen Aberlochry Highland Christmas-Games. Als dann dieser ungehobelte Kerl in ihrer Werkstatt auftaucht, ist sie drauf und dran, ihn hinauszuschmeißen, bis sie bemerkt, dass die Reparatur dessen Oldtimers ihre finanzielle Rettung wäre.</marc:subfield>
   </marc:datafield>
   <marc:datafield ind1=" " ind2=" " tag="020">
      <marc:subfield code="a">9783989427778</marc:subfield>
      <marc:subfield code="9">9783989427778</marc:subfield>
   </marc:datafield>
   <marc:datafield ind1=" " ind2=" " tag="020">
      <marc:subfield code="a">3989427776</marc:subfield>
      <marc:subfield code="9">3989427776</marc:subfield>
   </marc:datafield>
   <marc:datafield ind1=" " ind2=" " tag="300">
      <marc:subfield code="a">314 S.</marc:subfield>
   </marc:datafield>
</marc:record>
